000 00693nam a2200277Ia 4500
005 20260324145131.0
008 008 260324s9999 xx 000 0 eng d
020 _a9781003046967
037 _aEBOOK
040 _aCRL
040 _beng
040 _cCRL
041 _2eng
041 _aeng
084 _qCRL
100 _aStephen A. Zeff; Maurice Moonitz
_91221875
245 0 _aSourcebook on Accounting Principles and Accounting Procedures, 1917-1953
260 _bTaylor and Francis
260 _c1984
365 _a
365 _b205
856 _uhttp://www.taylorfrancis.com/books/9781003046967
942 _cEBOOK
999 _c1829361
_d1829361